[Event "25th Czech Rapid G1 2014"]
[Site "Pardubice CZE"]
[Date "2014.07.16"]
[Round "2.33"]
[White "Wagener, Claude"]
[Black "Lalic, Bogdan"]
[Result "1/2-1/2"]
[WhiteTitle "FM"]
[BlackTitle "GM"]
[WhiteElo "2259"]
[BlackElo "2482"]
[WhiteFideId "4000471"]
[BlackFideId "409081"]
[EventDate "2014.07.16"]

1. e4 e6 2. d4 d5 3. Nd2 Be7 4. Bd3 c5 5. dxc5 Nf6 6. Qe2 O-O 7. Ngf3 a5 8. e5
Nfd7 9. h4 h6 10. c3 Nxc5 11. Bc2 Nc6 12. Nb3 Ne4 13. Bxe4 dxe4 14. Qxe4 a4 15.
Nbd4 Nxd4 16. Qxd4 Ra5 17. Be3 Rd5 18. Qxa4 Bd7 19. Qc2 Bb5 20. Bd4 Qa5 21. b3
Rc8 22. b4 Qa6 23. Qd2 Qa3 24. Rb1 Bc4 25. Qb2 Qxa2 26. Qxa2 Bxa2 27. Ra1 Bc4
28. Kd2 Rd7 29. Ke3 Bd5 30. Rhd1 h5 31. g3 Kh7 32. Nd2 Kg6 1/2-1/2

[Event "25th Czech Rapid G1 2014"]
[Site "Pardubice CZE"]
[Date "2014.07.16"]
[Round "2.34"]
[White "Maslak, Alexander"]
[Black "Baryshpolets, Andrey"]
[Result "0-1"]
[BlackTitle "GM"]
[WhiteElo "2170"]
[BlackElo "2546"]
[WhiteFideId "4130871"]
[BlackFideId "14117207"]
[EventDate "2014.07.16"]

1. e4 c5 2. Nf3 Nc6 3. d4 cxd4 4. Nxd4 Nf6 5. Nc3 d6 6. Bg5 e6 7. Qd2 a6 8.
O-O-O Be7 9. f4 Bd7 10. Nf3 b5 11. e5 b4 12. exf6 bxc3 13. Qxc3 gxf6 14. Bh4 d5
15. a3 Rc8 16. Nd4 Ne5 17. Qd2 Nc4 18. Bxc4 Rxc4 19. Rhe1 Qb6 20. Re3 O-O 21.
Rg3+ Kh8 22. f5 Rb8 23. Rb3 Qd8 24. Rxb8 Qxb8 25. fxe6 fxe6 26. Qh6 Qe5 27. Bg3
Qg5+ 28. Qxg5 Be8 29. b3 0-1

[Event "25th Czech Rapid G1 2014"]
[Site "Pardubice CZE"]
[Date "2014.07.16"]
[Round "2.35"]
[White "Teske, Henrik"]
[Black "Dorst, Johannes"]
[Result "1-0"]
[WhiteTitle "GM"]
[WhiteElo "2512"]
[BlackElo "2299"]
[WhiteFideId "4611500"]
[BlackFideId "4650433"]
[EventDate "2014.07.16"]

1. e4 c5 2. Nf3 e6 3. d4 cxd4 4. Nxd4 Nf6 5. Nc3 Bb4 6. e5 Nd5 7. Qg4 Kf8 8. Bd2
Nxc3 9. Nxe6+ dxe6 10. Qxb4+ Qe7 11. Qxc3 Nc6 12. Be3 Qc7 13. Bc5+ Kg8 14. O-O-O
g6 15. Bd6 Qb6 16. f4 Bd7 17. Bc5 Qc7 18. Be7 h6 19. Bf6 Rh7 20. h4 h5 21. Rh3
Be8 22. Rhd3 Rc8 23. Rd6 Ne7 24. Qxc7 Rxc7 25. Rd8 Kf8 26. Bb5 Nc6 27. Rxe8+ 1-0

[Event "25th Czech Rapid G1 2014"]
[Site "Pardubice CZE"]
[Date "2014.07.16"]
[Round "2.36"]
[White "Blecha, Miroslav"]
[Black "Potapov, Pavel"]
[Result "0-1"]
[BlackTitle "IM"]
[WhiteElo "2225"]
[BlackElo "2482"]
[WhiteFideId "311758"]
[BlackFideId "4169786"]
[EventDate "2014.07.16"]

1. e4 c5 2. Nf3 Nc6 3. Bb5 g6 4. Bxc6 bxc6 5. d3 Bg7 6. Nc3 Nh6 7. O-O O-O 8. h3
f6 9. Be3 d6 10. Nh2 f5 11. Qd2 Nf7 12. f4 Rb8 13. Rab1 Qc7 14. Nf3 Bd7 15. Rfe1
Rfe8 16. Kh1 Qa5 17. Rg1 Rxb2 18. Rxb2 Bxc3 19. Qc1 Bxb2 20. Qxb2 fxe4 21. dxe4
Qb4 22. Qxb4 cxb4 23. Bxa7 c5 24. e5 Ra8 25. Bb6 Ra6 26. Bc7 Ra7 27. exd6 exd6
28. Bb6 Rxa2 29. Rd1 Rxc2 30. Ne5 Nxe5 31. fxe5 b3 32. Rb1 b2 33. Kh2 dxe5 34.
Bc7 Bc6 0-1

[Event "25th Czech Rapid G1 2014"]
[Site "Pardubice CZE"]
[Date "2014.07.16"]
[Round "2.37"]
[White "Venkatesh, M.R."]
[Black "Gergel, Vladimir P"]
[Result "0-1"]
[WhiteTitle "GM"]
[BlackTitle "FM"]
[WhiteElo "2498"]
[BlackElo "2227"]
[WhiteFideId "5005779"]
[BlackFideId "14100550"]
[EventDate "2014.07.16"]

1. Nf3 f5 2. d3 g6 3. e4 fxe4 4. dxe4 Bg7 5. Bc4 e6 6. Bg5 Ne7 7. Nc3 Nbc6 8.
Qd2 h6 9. Be3 d6 10. O-O a6 11. a4 Ne5 12. Nxe5 dxe5 13. Qc1 Nc6 14. f4 exf4 15.
Rxf4 Ne5 16. Bb3 Qe7 17. Kh1 Bd7 18. Bg1 h5 19. Rf1 h4 20. h3 O-O-O 21. Qe3 Nc6
22. Nb5 axb5 23. axb5 Nb8 24. Ra8 b6 25. e5 Bxb5 26. Rfa1 Bc6 27. R8a7 Rh5 28.
Bc4 Rg5 29. Bxe6+ Qxe6 30. Qxg5 Qxh3+ 31. Bh2 Bxe5 0-1

[Event "25th Czech Rapid G1 2014"]
[Site "Pardubice CZE"]
[Date "2014.07.16"]
[Round "2.38"]
[White "Jansa, Vlastimil"]
[Black "Rigopoulos-Tsigkos, Alexandros"]
[Result "1/2-1/2"]
[WhiteTitle "GM"]
[WhiteElo "2453"]
[BlackElo "2052"]
[WhiteFideId "300128"]
[BlackFideId "4215109"]
[EventDate "2014.07.16"]

1. e4 c5 2. Nf3 e6 3. Nc3 a6 4. d4 cxd4 5. Nxd4 b5 6. Bd3 Qb6 7. Nb3 Qc7 8. Qe2
Nc6 9. O-O d6 10. Bd2 Nf6 11. Rae1 Be7 12. f4 b4 13. Nd1 g6 14. Nf2 a5 15. e5
Nd7 16. exd6 Qxd6 17. Ne4 Qb8 18. Kh1 a4 19. Nc1 Bb7 20. Ng5 Nd4 21. Qe3 Qd6 22.
a3 bxa3 23. bxa3 Nf5 24. Bxf5 gxf5 25. Nd3 Nf6 26. Bb4 Qc6 27. Re2 Nd5 28. Qd4
Bf6 29. Qf2 Nc3 30. Ne5 Bxe5 31. Rxe5 Ne4 32. Nxe4 fxe4 33. f5 e3 34. Rxe3 Rg8
35. Rg3 Rxg3 36. Qxg3 O-O-O 37. fxe6 fxe6 38. h3 h5 39. Rf7 Rd7 40. Rf8+ Rd8 41.
Rf3 Rd4 42. Qg8+ Kc7 43. Ba5+ Kd6 44. Qf8+ Kd5 45. Rc3 Rd1+ 46. Kh2 Qd6+ 47.
Qxd6+ Kxd6 48. Bb4+ Ke5 49. Rg3 Be4 50. Rg5+ Kf6 51. Rxh5 Bxc2 52. Bc3+ Kg6 53.
Rh4 Rd3 54. Rg4+ Kf5 55. Rg3 Rxg3 56. Kxg3 Bd1 57. Kh4 Be2 58. g4+ Kg6 59. Kg3
Bd3 60. h4 Be2 61. Kf4 Bd1 62. h5+ Kh6 63. Bf6 Be2 64. Bg5+ Kh7 1/2-1/2

[Event "25th Czech Rapid G1 2014"]
[Site "Pardubice CZE"]
[Date "2014.07.16"]
[Round "2.39"]
[White "Bochkarev, Alexander"]
[Black "Lehmann, Holger"]
[Result "0-1"]
[WhiteTitle "FM"]
[WhiteElo "2438"]
[BlackElo "2185"]
[WhiteFideId "4140230"]
[BlackFideId "4620275"]
[EventDate "2014.07.16"]

1. e4 c5 2. Nf3 Nc6 3. Nc3 e6 4. Bb5 Na5 5. O-O a6 6. Be2 b5 7. b3 Bb7 8. d4
cxd4 9. Qxd4 Qc7 10. Bb2 Nf6 11. e5 Nc6 12. Qf4 d5 13. Rfe1 b4 14. Na4 Ne4 15.
Bd3 Nc5 16. Nxc5 Bxc5 17. Rac1 f5 18. c4 d4 19. Nxd4 Bxd4 20. Bxd4 Rd8 21. Bc5
Rxd3 22. Bd6 Qf7 23. c5 Qg6 24. f3 Kf7 25. Red1 Nd4 26. Kh1 Rxf3 0-1

[Event "25th Czech Rapid G1 2014"]
[Site "Pardubice CZE"]
[Date "2014.07.16"]
[Round "2.40"]
[White "Kratochvil, Milan"]
[Black "Potapov, Alexander1"]
[Result "1/2-1/2"]
[BlackTitle "GM"]
[WhiteElo "2195"]
[BlackElo "2399"]
[WhiteFideId "331015"]
[BlackFideId "4115074"]
[EventDate "2014.07.16"]

1. e4 e5 2. Nf3 Nc6 3. Bc4 Nf6 4. d3 Be7 5. O-O O-O 6. c3 d5 7. exd5 Nxd5 8. Re1
Bg4 9. h3 Bh5 10. a4 Kh8 11. Nbd2 f5 12. Nf1 Nb6 13. Bb3 Bd6 14. Qe2 e4 15. dxe4
fxe4 16. Qxe4 Re8 17. Qf5 Bg6 18. Rxe8+ Qxe8 19. Qe6 Qf8 20. Be3 Re8 21. Qg4 Re4
22. Qg5 a6 23. Bxb6 cxb6 24. Rd1 Re2 25. Qd5 Bc5 26. Ne3 Rxb2 27. Rd2 Rxd2 28.
Qxd2 Qd6 29. Qxd6 Bxd6 30. Ng5 Nd8 31. Nd5 h6 32. Nf3 Bf7 33. Nd4 Bc5 34. Kf1
Bg8 35. Ke2 Nc6 36. Kd3 Ne5+ 37. Ke4 Nd7 38. Bd1 Bh7+ 39. Ke3 Ne5 40. f4 Nc4+
41. Ke2 Be4 42. Ne3 Nxe3 43. Kxe3 Bxg2 44. h4 Kg8 45. Kd3 Bd5 46. c4 Bg2 47. Bh5
Be7 48. Nf3 Bf1+ 49. Kd4 Bc5+ 50. Kd5 Kf8 51. Ne5 Ke7 52. Bf3 Bh3 53. Bd1 1/2-1/2

[Event "25th Czech Rapid G1 2014"]
[Site "Pardubice CZE"]
[Date "2014.07.16"]
[Round "2.41"]
[White "Pulpan, Jakub"]
[Black "Pisk, Petr"]
[Result "0-1"]
[BlackTitle "IM"]
[WhiteElo "2218"]
[BlackElo "2390"]
[WhiteFideId "302759"]
[BlackFideId "304689"]
[EventDate "2014.07.16"]

1. e4 c5 2. Nf3 Nc6 3. d4 cxd4 4. Nxd4 e5 5. Nb5 d6 6. c4 Be6 7. N1c3 a6 8. Na3
Rc8 9. Nc2 Be7 10. Ne3 Bg5 11. Be2 Nd4 12. Ned5 Bxc1 13. Rxc1 Qg5 14. g3 Nxe2
15. Nxe2 Nf6 16. Nxf6+ Qxf6 17. Qd3 Bh3 18. Nc3 O-O 19. Nd5 Qd8 20. Ne3 Qa5+ 21.
Qc3 Qxa2 22. g4 b5 23. Rg1 h5 24. f3 h4 25. Kd2 b4 26. Qc2 Qa5 27. b3 Qc5 28.
Qd3 g6 29. Ke2 a5 30. Nd5 Kg7 31. f4 exf4 32. Qxh3 Rce8 33. Qd3 g5 34. Kf3 Re5
35. Rgd1 Rfe8 36. Qd4 Qc8 37. Re1 Kg6 38. Ra1 Qd8 39. Ra2 h3 40. Qb6 Rxd5 41.
Qc6 Rd3+ 42. Kf2 Qf6 43. Qb6 Qc3 0-1

[Event "25th Czech Rapid G1 2014"]
[Site "Pardubice CZE"]
[Date "2014.07.16"]
[Round "2.42"]
[White "Zpevakova, Jana"]
[Black "Westerberg, Jonathan"]
[Result "1-0"]
[BlackTitle "FM"]
[WhiteElo "2016"]
[BlackElo "2412"]
[WhiteFideId "334030"]
[BlackFideId "1701754"]
[EventDate "2014.07.16"]

1. d4 Nf6 2. c4 e5 3. dxe5 Ne4 4. Nf3 Nc6 5. e3 d6 6. Bd3 Nc5 7. Be2 Bg4 8. O-O
dxe5 9. Nc3 Qxd1 10. Rxd1 e4 11. Nd4 Bxe2 12. Ndxe2 Bd6 13. Nd4 O-O-O 14. Rb1 a5
15. Nxc6 bxc6 16. Bd2 Rd7 17. Ne2 Be5 18. Bc3 Bxc3 19. Rxd7 Kxd7 20. Rd1+ Ke6
21. Nxc3 Rb8 22. Rd2 Rb4 23. f3 Rxc4 24. fxe4 Nxe4 25. Nxe4 Rxe4 26. Kf2 Rc4 27.
Kf3 f5 28. g3 g5 29. Ke2 h5 30. Kf3 Ke5 31. b3 Rc3 32. Ke2 c5 33. Rd7 Rc2+ 34.
Kd3 Rxa2 35. Rxc7 Kd6 36. Rg7 g4 37. Rg5 Rxh2 38. Rxf5 Kc6 39. e4 Kb5 40. e5 Rh3
41. e6 Rxg3+ 42. Ke4 Rg1 43. Re5 Re1+ 44. Kf5 Rf1+ 45. Kg6 Rf8 46. e7 Ra8 47.
Kxh5 Re8 48. Kxg4 Kc6 49. Kf5 Kb5 50. Re4 Kc6 51. Ke6 Rh8 52. Kf7 Kb5 53. e8=Q+
Rxe8 54. Kxe8 1-0

[Event "25th Czech Rapid G1 2014"]
[Site "Pardubice CZE"]
[Date "2014.07.16"]
[Round "2.43"]
[White "Galchenko, Matvei"]
[Black "Priasmoro, Novendra"]
[Result "1-0"]
[WhiteElo "1878"]
[BlackElo "2282"]
[WhiteFideId "34135992"]
[BlackFideId "7105029"]
[EventDate "2014.07.16"]

1. Nf3 Nf6 2. g3 g6 3. Bg2 Bg7 4. O-O O-O 5. d3 d5 6. Re1 c5 7. c3 Nc6 8. Nbd2
Re8 9. Qc2 e5 10. e4 h6 11. exd5 Nxd5 12. a4 b6 13. Nc4 Bb7 14. Bd2 a6 15. Ne3
Nc7 16. Rad1 Kh7 17. Qb3 b5 18. Qxf7 Rf8 19. Qa2 Na5 20. Nh4 Bxg2 21. Nhxg2 Nc6
22. Bc1 Qf6 23. Rf1 Qf3 24. Nh4 Qh5 25. Nd5 Ne6 26. Ne7 Nxe7 27. Qxe6 Nf5 28.
Ng2 Qf3 29. Be3 Rfc8 30. axb5 axb5 31. Ra1 h5 32. Ra6 Rxa6 33. Qxa6 Rb8 34. Bxc5
Qxd3 35. Qa7 Rc8 36. Be3 h4 37. Qb7 Rf8 38. Bc5 Rd8 39. g4 Nh6 40. Ne3 Rd7 41.
Qc6 Rf7 42. g5 Nf5 43. Qd5 Rd7 44. Qxd3 Rxd3 45. Ra1 h3 46. Ng4 Nh4 47. Nf6+
Bxf6 48. gxf6 Rd7 49. Kf1 Nf3 50. Ke2 e4 51. Ra8 Nxh2 52. Be7 Nf3 53. f7 Ng1+
54. Ke3 Rd3+ 55. Kxe4 Rf3 56. f8=Q Rxf8 57. Rxf8 h2 58. Rf4 h1=Q+ 59. f3 Kg7 60.
Bf6+ Kg8 61. Be5 Nh3 62. Rf6 Qb1+ 63. Kd5 Ng5 64. b4 Qd3+ 65. Kc5 Nxf3 66. Bd6
Kg7 67. Rf4 Ng5 68. Be5+ Kg8 69. Kc6 Qc4+ 70. Rxc4 bxc4 71. b5 Ne6 72. b6 Nd8+
73. Kc7 Ne6+ 74. Kc8 Nc5 75. Bd4 Ne4 76. Kc7 1-0

[Event "25th Czech Rapid G1 2014"]
[Site "Pardubice CZE"]
[Date "2014.07.16"]
[Round "2.44"]
[White "Marutkins, Olegs"]
[Black "Akesson, Ralf"]
[Result "1/2-1/2"]
[BlackTitle "GM"]
[WhiteElo "2081"]
[BlackElo "2462"]
[WhiteFideId "11600012"]
[BlackFideId "1700120"]
[EventDate "2014.07.16"]

1. e4 c6 2. d4 d5 3. Nc3 dxe4 4. Nxe4 Nd7 5. Ng5 Ngf6 6. Bc4 e6 7. N1f3 h6 8.
Nh3 b5 9. Bd3 c5 10. dxc5 Bxc5 11. O-O Bb7 12. Qe2 a6 13. a4 b4 14. Be3 Qc7 15.
Rad1 Bxe3 16. Qxe3 Ng4 17. Qf4 Qxf4 18. Nxf4 Nc5 19. b3 e5 20. Bf5 Nxf2 21. Kxf2
exf4 22. Rfe1+ Kf8 23. Re5 Ne6 24. Bxe6 fxe6 25. Rxe6 Rc8 26. Nd4 Kf7 27. Rb6
Rc7 28. Rxb4 Rd8 29. Rd2 g5 30. Rb6 h5 31. Rh6 Be4 32. Rxa6 g4 33. g3 Bxc2 34.
Rxc2 Rxc2+ 35. Nxc2 Rd2+ 36. Kg1 Rd1+ 37. Kf2 Rd2+ 38. Kg1 Rd1+ 1/2-1/2

[Event "25th Czech Rapid G1 2014"]
[Site "Pardubice CZE"]
[Date "2014.07.16"]
[Round "2.46"]
[White "Chovanec, Vladimir"]
[Black "Cerveny, Martin"]
[Result "0-1"]
[BlackTitle "FM"]
[WhiteElo "2100"]
[BlackElo "2375"]
[WhiteFideId "14907860"]
[BlackFideId "321141"]
[EventDate "2014.07.16"]

1. e4 c5 2. Nc3 a6 3. Nge2 d6 4. g3 Nf6 5. Bg2 g6 6. d3 Bg7 7. O-O O-O 8. h3 Nc6
9. Be3 e6 10. Qd2 Re8 11. Bh6 Bh8 12. f4 Nd4 13. Bg5 Qa5 14. Rad1 Rb8 15. e5 Nd5
16. Nxd4 cxd4 17. Nxd5 Qxd2 18. Rxd2 exd5 19. exd6 Be6 20. Be7 h5 21. Kh2 Bg7
22. Re1 Bf8 23. Bf3 Bxe7 24. dxe7 Rbc8 25. Rde2 Rc6 26. g4 hxg4 27. hxg4 Kg7 28.
g5 Rd6 29. Re5 b5 30. Kg3 b4 31. R1e2 a5 32. Kg2 a4 33. Kg3 a3 34. b3 Rd7 35.
Kf2 Rd6 36. Kg2 Rxe7 37. Kg3 Rc7 38. Rh2 Rc8 39. Re1 Rdc6 40. Ree2 Rc5 41. Bg4
R8c6 42. Bf3 Rc8 43. Rd2 Kf8 44. Rh8+ Ke7 45. Rxc8 Rxc8 46. Rh2 Kd6 47. Bd1 Ke7
48. Bf3 Kd6 49. Bd1 Re8 50. Rh7 Bf5 51. Rxf7 Re1 52. Rf6+ Ke7 53. Bg4 Rg1+ 0-1

[Event "25th Czech Rapid G1 2014"]
[Site "Pardubice CZE"]
[Date "2014.07.16"]
[Round "2.47"]
[White "Biolek, Richard Jr."]
[Black "Solovyev, Anton"]
[Result "1-0"]
[WhiteTitle "IM"]
[WhiteElo "2429"]
[BlackElo "2021"]
[WhiteFideId "319996"]
[BlackFideId "24170330"]
[EventDate "2014.07.16"]

1. d4 d5 2. c4 c6 3. Nf3 Nf6 4. Nc3 a6 5. e3 b5 6. c5 Bg4 7. Qc2 Nbd7 8. Bd3 g6
9. h3 Bxf3 10. gxf3 e5 11. Ne2 Qc7 12. Qc3 Bg7 13. b4 a5 14. a3 O-O 15. f4 exd4
16. Nxd4 Ne4 17. Bxe4 dxe4 18. Bb2 Nf6 19. O-O Nd5 20. Qb3 Qd7 21. Kh2 Bxd4 22.
Bxd4 Nxf4 23. exf4 Qxd4 24. Rad1 Qf6 25. Qe3 Qe7 26. Rd6 axb4 27. axb4 Rac8 28.
Rfd1 Rfd8 29. Rxd8+ Rxd8 30. Rxd8+ Qxd8 31. Qxe4 Qf6 32. Kg3 Qe6 33. Qd4 h5 34.
Qd8+ Kg7 35. Qd4+ Qf6 36. Qe4 Qc3+ 37. Kg2 Qf6 38. Qe3 Qe6 39. Qf3 Kf6 40. Kg3
Ke7 41. f5 gxf5 42. Qxh5 Qb3+ 43. Qf3 f4+ 44. Kg2 Qxb4 45. Qxc6 Qd4 46. Qxb5
Qd5+ 47. Kh2 f3 48. Kg3 Kf6 49. Qb4 Kg6 50. Qg4+ Kh6 51. Qf4+ Kg7 52. Qd6 1-0

[Event "25th Czech Rapid G1 2014"]
[Site "Pardubice CZE"]
[Date "2014.07.16"]
[Round "2.48"]
[White "Ekdyshman, Mikhail"]
[Black "Chernyshova, Natalia"]
[Result "1-0"]
[WhiteTitle "IM"]
[WhiteElo "2369"]
[BlackElo "2129"]
[WhiteFideId "4149416"]
[BlackFideId "24143219"]
[EventDate "2014.07.16"]

1. e4 c5 2. Nf3 Nc6 3. d4 cxd4 4. Nxd4 Nf6 5. Nc3 d6 6. Be2 Nxd4 7. Qxd4 g6 8.
Bg5 Bg7 9. Qd2 Bd7 10. O-O Rc8 11. Kh1 O-O 12. f3 Rxc3 13. bxc3 Qc7 14. Rab1 Rc8
15. c4 Be6 16. c5 Qxc5 17. Rxb7 Bxa2 18. Be3 Qa3 19. Rxa7 Qb2 20. c4 Qxd2 21.
Bxd2 Bb3 22. Rb1 Bc2 23. Rb2 Nxe4 24. Rxc2 Bd4 25. Rxe7 Nf2+ 26. Kg1 Rb8 27. Be3
Rb1+ 28. Kxf2 Rb5 1-0

[Event "25th Czech Rapid G1 2014"]
[Site "Pardubice CZE"]
[Date "2014.07.16"]
[Round "2.49"]
[White "Hoegener, Claude"]
[Black "Novotny, Michal"]
[Result "0-1"]
[BlackTitle "FM"]
[WhiteElo "2083"]
[BlackElo "2354"]
[WhiteFideId "4000978"]
[BlackFideId "310980"]
[EventDate "2014.07.16"]

1. d4 e6 2. Nf3 d5 3. c3 c5 4. Qc2 Nc6 5. a3 Bd7 6. Bg5 Qb6 7. e3 Rc8 8. Bd3 h6
9. Bf4 c4 10. Be2 Na5 11. Nbd2 Nb3 12. Rb1 Ba4 13. O-O Nf6 14. e4 Be7 15. exd5
exd5 16. Rfe1 O-O 17. Bf1 Rfe8 18. Qf5 Bd7 19. Qc2 a5 20. Ne5 a4 21. Nxd7 Nxd7
22. Nxb3 axb3 23. Qf5 Qc6 24. Be2 Nb6 25. Bf3 Bf8 26. h4 Rxe1+ 27. Rxe1 Re8 28.
Rxe8 Qxe8 29. Qb1 Qe6 30. Bc7 Na4 31. Bf4 Bxa3 32. bxa3 Nxc3 33. Qc1 Na2 34. Qb2
Qf5 35. Be3 b5 36. Bd1 Qd3 37. Bf3 Qc2 38. Qxc2 bxc2 39. Bxd5 c1=Q+ 40. Bxc1
Nxc1 41. Kf1 Nb3 42. a4 bxa4 43. Bxc4 Nd2+ 0-1

[Event "25th Czech Rapid G1 2014"]
[Site "Pardubice CZE"]
[Date "2014.07.16"]
[Round "2.50"]
[White "Jacko, Vladimir2"]
[Black "Grove, Michael"]
[Result "1-0"]
[WhiteTitle "FM"]
[WhiteElo "2296"]
[BlackElo "2064"]
[WhiteFideId "14915928"]
[BlackFideId "2403943"]
[EventDate "2014.07.16"]

1. e4 e5 2. Nf3 Nc6 3. Bc4 Nf6 4. d3 Bc5 5. c3 Bb6 6. Bb3 h6 7. h3 O-O 8. Nbd2
d5 9. Qe2 Be6 10. Bc2 Nd7 11. Nf1 f5 12. exd5 Bxd5 13. Ne3 Be6 14. O-O Kh8 15.
Rd1 Qf6 16. b4 Rae8 17. Bb2 a6 18. a4 Ne7 19. a5 Ba7 20. c4 Bd4 21. Ba4 Ng6 22.
Qd2 Rd8 23. Re1 Nb8 24. Nxd4 exd4 25. Nc2 Nc6 26. Bxc6 bxc6 27. Rxe6 Qxe6 28.
Nxd4 Qd6 29. Nxf5 Qf4 30. Qxf4 Nxf4 31. Bxg7+ Kg8 32. Bxf8 Kxf8 33. d4 Ne2+ 34.
Kf1 Nc3 35. Re1 Rd7 36. g4 h5 37. Re6 hxg4 38. hxg4 Na2 39. g5 Nxb4 40. g6 Nc2
41. g7+ Kf7 42. Rf6+ Kxf6 43. g8=Q Kxf5 44. Qf8+ Ke6 45. Qe8+ Re7 46. Qg6+ Kd7
47. Qxc2 Rf7 1-0

[Event "25th Czech Rapid G1 2014"]
[Site "Pardubice CZE"]
[Date "2014.07.16"]
[Round "2.51"]
[White "Nguyen, Thai Dai Van"]
[Black "Joukl, Zdenek"]
[Result "1-0"]
[WhiteTitle "CM"]
[WhiteElo "2261"]
[BlackElo "2062"]
[WhiteFideId "358878"]
[BlackFideId "304247"]
[EventDate "2014.07.16"]

1. e4 g6 2. d4 c6 3. Nf3 d5 4. exd5 cxd5 5. Bd3 Nc6 6. c3 Bg7 7. O-O Nf6 8. h3
O-O 9. Re1 Re8 10. Nbd2 h6 11. Nf1 a6 12. Ng3 b5 13. a3 Rb8 14. Bf4 Rb7 15. Ne5
Nxe5 16. dxe5 Nh7 17. Qc1 d4 18. Be4 Rb6 19. cxd4 Qxd4 20. Be3 Qd8 21. Rd1 Bd7
22. Bxb6 Qxb6 23. Rxd7 Bxe5 24. Qc6 Qb8 25. Rb7 Qd8 26. Bf3 Bxg3 27. fxg3 Qd4+
28. Kh2 Nf6 29. Qc3 1-0

[Event "25th Czech Rapid G1 2014"]
[Site "Pardubice CZE"]
[Date "2014.07.16"]
[Round "2.53"]
[White "Keilhack, Harald"]
[Black "Chekletsov, Ilya"]
[Result "1/2-1/2"]
[WhiteTitle "FM"]
[WhiteElo "2250"]
[BlackElo "2078"]
[WhiteFideId "4601904"]
[BlackFideId "24177156"]
[EventDate "2014.07.16"]

1. Nf3 Nf6 2. c4 c5 3. Nc3 Nc6 4. g3 g6 5. Bg2 Bg7 6. d4 cxd4 7. Nxd4 O-O 8. O-O
Nxd4 9. Qxd4 d6 10. Qd3 Bf5 11. e4 Be6 12. Bd2 Rc8 13. b3 Nd7 14. Qe2 a6 15.
Rac1 Re8 16. Rfd1 Ne5 17. h3 Nc6 18. Be3 Qa5 19. Nd5 b5 20. Bb6 Qa3 21. Nc7 Nd4
22. Qe3 Rf8 23. Nxe6 Nxe6 24. cxb5 axb5 25. Rxc8 Rxc8 26. Qe2 Rc1 27. Rxc1 Qxc1+
28. Bf1 Nc5 29. Qxb5 Nxe4 30. Be3 Nd2 31. Qe2 Bc3 32. Bxd2 Qxd2 33. Qxd2 Bxd2
34. Bc4 e6 35. Kf1 d5 36. Bd3 Kf8 37. Ke2 Bb4 38. Bb5 Ke7 39. Kd3 Bc5 40. f3 Bb4
41. a4 g5 42. g4 h6 43. Bc6 f6 44. Bb5 Kd6 45. Be8 Ke5 46. Bf7 f5 47. gxf5 exf5
48. Ke2 d4 49. Bc4 Kf4 50. Kf2 h5 51. Bd3 Ba5 52. Bc4 Bd2 53. Bf7 h4 54. Bc4
Be3+ 55. Kg2 Bd2 56. Kf2 Bb4 57. Bd3 Bc3 58. Bc4 Bd2 59. Bd3 g4 60. fxg4 fxg4
61. hxg4 h3 62. g5 Be3+ 63. Kf1 Kf3 64. Bb5 Bxg5 65. Kg1 Bf4 66. a5 Bb8 67. Bc4
Ke4 68. b4 d3 69. Bxd3+ Kxd3 70. b5 Kc4 71. a6 1/2-1/2

[Event "25th Czech Rapid G1 2014"]
[Site "Pardubice CZE"]
[Date "2014.07.16"]
[Round "2.54"]
[White "Foermes, Alexander"]
[Black "Semenova, Elena1"]
[Result "0-1"]
[BlackTitle "WIM"]
[WhiteElo "2035"]
[BlackElo "2215"]
[WhiteFideId "24605255"]
[BlackFideId "24125148"]
[EventDate "2014.07.16"]

1. Nf3 f5 2. d3 Nf6 3. e4 fxe4 4. dxe4 Nxe4 5. Bd3 Nf6 6. Ng5 d6 7. Bxh7 Nxh7 8.
Qh5+ Kd7 9. Nxh7 Qe8 10. Nxf8+ Qxf8 11. Qg4+ Kd8 12. Qg3 Nc6 13. Nc3 Bf5 14. Bg5
Bxc2 15. Rc1 Bf5 16. O-O Kd7 17. Rfe1 Re8 18. Nd5 Qf7 19. Ne3 e5 20. Nxf5 Qxf5
21. Be3 Kc8 22. Red1 Re6 23. f3 Qh5 24. h3 Rg6 25. Qf2 Qxh3 26. Kf1 Qh1+ 27. Ke2
Qxg2 28. Ke1 0-1

[Event "25th Czech Rapid G1 2014"]
[Site "Pardubice CZE"]
[Date "2014.07.16"]
[Round "2.56"]
[White "Belousov, Gennadiy"]
[Black "Duda, Antonin"]
[Result "1-0"]
[WhiteElo "2222"]
[BlackElo "2055"]
[WhiteFideId "24183342"]
[BlackFideId "326720"]
[EventDate "2014.07.16"]

1. d4 d5 2. c4 e6 3. Nf3 Nf6 4. Nc3 Be7 5. Bf4 O-O 6. e3 b6 7. cxd5 exd5 8. Be2
c5 9. O-O Bb7 10. Ne5 Nbd7 11. Bf3 Ne4 12. Nxd7 Nxc3 13. bxc3 Qxd7 14. a4 Rfd8
15. a5 Bc6 16. Qb1 Qb7 17. Rd1 Bf6 18. h3 h6 19. axb6 axb6 20. Rxa8 Rxa8 21.
dxc5 bxc5 22. Qxb7 Bxb7 23. Bxd5 Rd8 24. c4 Kf8 25. Bc7 Rd7 26. Bb6 Be7 27. e4
g6 28. Ra1 Bxd5 29. exd5 Rb7 30. Ra6 Bd6 31. Kf1 Kg7 32. Ke2 Re7+ 33. Kd3 Re1
34. Ba5 Ra1 35. Bc3+ 1-0

[Event "25th Czech Rapid G1 2014"]
[Site "Pardubice CZE"]
[Date "2014.07.16"]
[Round "2.57"]
[White "Janacek, Jaroslav"]
[Black "Kutynec, Vladimir"]
[Result "0-1"]
[BlackTitle "IM"]
[WhiteElo "2001"]
[BlackElo "2305"]
[WhiteFideId "306681"]
[BlackFideId "4119843"]
[EventDate "2014.07.16"]

1. e4 c5 2. c3 d5 3. exd5 Qxd5 4. d4 cxd4 5. cxd4 Nc6 6. Nf3 e5 7. Nc3 Bb4 8.
Bd2 Bxc3 9. Bxc3 e4 10. Ne5 Nxe5 11. dxe5 Ne7 12. Be2 Bd7 13. O-O Bc6 14. Qc2
O-O 15. Rfd1 Qe6 16. Rd6 Qf5 17. Rad1 Ng6 18. Rxc6 bxc6 19. Bf3 Rad8 20. Re1
Rfe8 21. Bxe4 Qe6 22. g3 Nf8 23. f4 Qc4 24. b3 Qc5+ 25. Kg2 g6 26. h4 Ne6 27. h5
Nd4 28. Qb2 Nb5 29. Ba5 Rc8 30. h6 Qd4 31. Re2 f5 32. Bf3 Re7 33. a4 Qxb2 34.
Rxb2 Nd4 35. Bd1 c5 36. b4 c4 37. b5 c3 38. Bxc3 Rxc3 39. a5 Rd3 40. b6 axb6 41.
axb6 Rxd1 42. b7 Nc6 43. b8=Q+ Nxb8 44. Rxb8+ Kf7 45. Rh8 Ke6 46. Rg8 Ra7 47.
Re8+ Kd7 48. Rh8 Ra2+ 49. Kf3 Rd3# 0-1